000 00773cam a2200253Ia 4500
001 688440602
003 OCoLC
005 20150408114109.0
008 101201s2010 ii a b 001 0 eng d
020 _a9781439849651
020 _a143984965X
035 _a(OCoLC)688440602
040 _aSISPL
_cSISPL
_dUAT
082 _a660
_bKNC
100 1 _aKrishnaswamy, N. R.
_919292
245 1 0 _aChemistry of natural products :
_ba unified approach /
_cN.R. Krishnaswamy.
250 _a2nd ed.
260 _aHyderabad, India :
_bUniversities Press ;
_aBoca Raton :
_bCRC Press,
_c2010.
300 _axiii, 417 p. :
_bill. ;
_c25 cm.
504 _aIncludes bibliographical references and index.
650 0 _aNatural products.
650 0 _aBiochemistry.
942 _2ddc
_cDVD
999 _c26731
_d261231